| 000 | 00527nam a2200181 4500 | ||
|---|---|---|---|
| 001 | 13548 | ||
| 005 | 20230410115556.0 | ||
| 008 | 060907n2001 dr spa | ||
| 020 | _a9280810553 | ||
| 035 | _9funglode13664 | ||
| 041 | _aEN | ||
| 050 | 1 | 4 | _aHF 1385 R745 2001 |
| 245 | 0 | 4 |
_aThe role of the World Trade Organization in global governance / _cedited by Gary P. Sampson |
| 260 |
_aTokyo : _bUnited Nations University Press, _c2001 |
||
| 300 | _aviii, 298 p. | ||
| 700 | _aSampson, Gary P | ||
| 942 |
_2lcc _cbk |
||
| 999 |
_c43902 _d43902 |
||